| 000 | 00704nam a22002057a 4500 | ||
|---|---|---|---|
| 005 | 20170425121751.0 | ||
| 010 | _aBAC-CH25 | ||
| 020 |
_a9788180221644 _c225.00 |
||
| 035 | _aB-558318-351 | ||
| 035 | _aB-669739 | ||
| 037 |
_adpl _bABC /Ven |
||
| 082 | _a611.03 | ||
| 245 | _aJunior encyclopedia: the human body / | ||
| 260 |
_bPriority Publications _c2013 |
||
| 300 |
_a48p.: _bcol.ill _c27cm(Hb) |
||
| 490 | _aBlow-up ! | ||
| 942 |
_2ddc _cCH _mJUN _h611.03 |
||
| 999 |
_c86948 _d86948 |
||